Statistics for Countries Closest to Albania - Hard Version

Click here to take the quiz!

General Stats

  • This quiz has been taken 23 times
  • The average score is 9 of 10

Answer Stats

Distance (Km)CountryDistance (Mi)% Correct
1,361Cyprus845
100%
1,617Egypt1,004
100%
1,104Libya685
100%
1,602Lebanon995
96%
971Tunisia603
96%
1,107Turkey687
96%
1,530Algeria950
91%
1,728Israel1,703
91%
1,687Syria1,048
91%
1,766Jordan1,097
78%

Score Distribution

Percentile by Number Answered

Percent of People with Each Score

Your Score History

You have not taken this quiz